<?xml version="1.0" encoding="UTF-8"?>
<collection xmlns="http://www.loc.gov/MARC21/slim">
 <record>
  <leader>01361pam a22003258a 4500</leader>
  <controlfield tag="001">00017701</controlfield>
  <controlfield tag="005">20171026081022.0</controlfield>
  <controlfield tag="008">110421s1981                  ||||||Viesd</controlfield>
  <datafield tag="041" ind1="0" ind2="#">
   <subfield code="a">Vie</subfield>
  </datafield>
  <datafield tag="082" ind1="1" ind2="#">
   <subfield code="a">895.922 08</subfield>
   <subfield code="b">H466T</subfield>
  </datafield>
  <datafield tag="100" ind1="0" ind2="#">
   <subfield code="a">Nông Quốc Chấn</subfield>
   <subfield code="e">chủ biên</subfield>
  </datafield>
  <datafield tag="245" ind1="0" ind2="0">
   <subfield code="a">Hợp tuyển thơ văn Việt Nam</subfield>
   <subfield code="c">Nông Quốc Chấn; Hoàng Thao, Hà Văn Thư, Mạc Phi,...</subfield>
   <subfield code="n">T.6 _ Q.2</subfield>
   <subfield code="p">Văn học ít dân tộc ít người</subfield>
  </datafield>
  <datafield tag="250" ind1="#" ind2="#">
   <subfield code="b">có sửa chữa, bổ sung</subfield>
   <subfield code="a">In lần thứ 2</subfield>
  </datafield>
  <datafield tag="260" ind1="#" ind2="#">
   <subfield code="a">H.</subfield>
   <subfield code="b">Văn học</subfield>
   <subfield code="c">1981</subfield>
  </datafield>
  <datafield tag="300" ind1="#" ind2="#">
   <subfield code="a">586 tr.</subfield>
   <subfield code="c">20 cm.</subfield>
  </datafield>
  <datafield tag="650" ind1=" " ind2=" ">
   <subfield code="a">Việt Nam</subfield>
  </datafield>
  <datafield tag="650" ind1=" " ind2=" ">
   <subfield code="a">Văn học dân tộc tiểu sử</subfield>
  </datafield>
  <datafield tag="653" ind1="#" ind2="#">
   <subfield code="a">Thơ</subfield>
  </datafield>
  <datafield tag="653" ind1="#" ind2="#">
   <subfield code="a">Truyện cổ</subfield>
  </datafield>
  <datafield tag="653" ind1="#" ind2="#">
   <subfield code="a">Văn</subfield>
  </datafield>
  <datafield tag="653" ind1="#" ind2="#">
   <subfield code="a">Tục ngữ</subfield>
  </datafield>
  <datafield tag="653" ind1="#" ind2="#">
   <subfield code="a">Truyện ngắn</subfield>
  </datafield>
  <datafield tag="700" ind1="0" ind2="#">
   <subfield code="a">Hoàng Thao</subfield>
   <subfield code="e">biên soạn</subfield>
  </datafield>
  <datafield tag="700" ind1="0" ind2="#">
   <subfield code="a">Hà Văn Thư</subfield>
   <subfield code="e">biên soạn, chú giải</subfield>
  </datafield>
  <datafield tag="700" ind1="0" ind2="#">
   <subfield code="a">Mạc Phi</subfield>
   <subfield code="e">biên soạn, chú giải</subfield>
  </datafield>
  <datafield tag="852" ind1="#" ind2="#">
   <subfield code="j">KM.0004027</subfield>
   <subfield code="j">KM.0005853</subfield>
   <subfield code="j">KM.0005532</subfield>
   <subfield code="j">KM.0005533</subfield>
   <subfield code="j">KM.0005535</subfield>
   <subfield code="j">KM.0004028</subfield>
   <subfield code="j">KM.0005534</subfield>
   <subfield code="j">KD.0003283</subfield>
  </datafield>
  <datafield tag="852" ind1="#" ind2="#">
   <subfield code="b">Kho đọc</subfield>
   <subfield code="j">KD.0003283</subfield>
  </datafield>
  <datafield tag="852" ind1="#" ind2="#">
   <subfield code="b">Kho mượn</subfield>
   <subfield code="j">KM.0004027, KM.0004028, KM.0005533, KM.0005534, KM.0005535, KM.0005532, KM.0005853</subfield>
  </datafield>
  <datafield tag="910" ind1=" " ind2=" ">
   <subfield code="d">21/04/2011</subfield>
  </datafield>
  <datafield tag="980" ind1="#" ind2="#">
   <subfield code="a">Trung tâm Học liệu Lê Vũ Hùng, Trường Đại học Đồng Tháp</subfield>
  </datafield>
 </record>
</collection>
